[Event "Barcelona Sant Marti op-B 22nd"]
[Site "Barcelona"]
[Date "2022.07.21"]
[Round "9"]
[White "Monleon Busquets, Ernesto"]
[Black "Ferre Navarro, Joan"]
[Result "1/2-1/2"]
[WhiteElo "1298"]
[BlackElo "1591"]
[PlyCount "85"]
[EventDate "2022.07.13"]
[EventType "swiss"]
[EventRounds "9"]
[EventCountry "ESP"]
[SourceTitle "CBM 210 Extra"]
[Source "ChessBase"]
[SourceDate "2022.11.30"]
[SourceVersion "1"]
[SourceVersionDate "2022.11.30"]
[SourceQuality "1"]

1. e4 g6 2. d4 Bg7 3. f3 d6 4. Be3 a6 5. Qd2 b5 6. g4 Nd7 7. h4 h5 8. g5 c5 9. Nc3 Nb6 10. dxc5 b4 11. Nd1 dxc5 12. Qxd8+ Kxd8 13. Bxc5 Na4 14. Bxb4 Nxb2 15. Nxb2 Bxb2 16. Rd1+ Ke8 17. c3 a5 18. Bb5+ Kf8 19. Rh2 axb4 20. Rxb2 bxc3 21. Rc2 Be6 22. Rxc3 Rxa2 23. Ne2 Kg7 24. Nd4 Bh3 25. Rc7 Rh2 26. Rd2 Rh1+ 27. Kf2 Rh2+ 28. Ke3 Rxd2 29. Kxd2 f6 30. gxf6+ Kxf6 31. Rc6+ Kg7 32. Ne2 Bd7 33. Rc5 Bxb5 34. Rxb5 Nf6 35. Nf4 Kf7 36. Rb6 Rg8 37. e5 Rd8+ 38. Ke2 Nd5 39. Nxd5 Rxd5 40. f4 Rd4 41. Kf3 Rd3+ 42. Kg2 Rc3 43. Ra6 1/2-1/2

[Event "Barcelona Sant Marti op-B 22nd"]
[Site "Barcelona"]
[Date "2022.07.19"]
[Round "7"]
[White "Vardanyan Asilbekyan, Ani"]
[Black "Ferre Navarro, Joan"]
[Result "1-0"]
[WhiteElo "1157"]
[BlackElo "1591"]
[PlyCount "81"]
[EventDate "2022.07.13"]
[EventType "swiss"]
[EventRounds "9"]
[EventCountry "ESP"]
[SourceTitle "CBM 210 Extra"]
[Source "ChessBase"]
[SourceDate "2022.11.30"]
[SourceVersion "1"]
[SourceVersionDate "2022.11.30"]
[SourceQuality "1"]

1. e4 g6 2. d4 Bg7 3. Nf3 d6 4. Bd3 Bg4 5. h3 Bxf3 6. gxf3 Bxd4 7. Bb5+ c6 8. Qxd4 e5 9. Qa4 cxb5 10. Qxb5+ Qd7 11. Nc3 Nc6 12. Nd5 h6 13. c3 Rc8 14. Be3 Nce7 15. Qxd7+ Kxd7 16. Nxe7 Nxe7 17. Bxa7 d5 18. 0-0-0 Ke6 19. Kb1 Rhd8 20. Be3 h5 21. Rd2 Rd7 22. Rhd1 f6 23. Kc2 Rcd8 24. Kb3 g5 25. Bb6 Rc8 26. a4 Rd6 27. a5 Rcc6 28. Kb4 h4 29. Bc5 Rxc5 30. Kxc5 Rc6+ 31. Kb5 Rd6 32. exd5+ Rxd5+ 33. Rxd5 Nxd5 34. Rxd5 Kxd5 35. Kb6 f5 36. Kxb7 g4 37. fxg4 fxg4 38. a6 gxh3 39. a7 h2 40. a8Q e4 41. Kb6+ 1-0

[Event "Maresme op 16th"]
[Site "Maresme"]
[Date "2019.11.09"]
[Round "5"]
[White "Falomir Ballega, Sergi"]
[Black "Ferre Navarro, Joan"]
[Result "1-0"]
[WhiteElo "1608"]
[BlackElo "1533"]
[PlyCount "51"]
[EventDate "2019.09.29"]
[EventType "swiss"]
[EventRounds "8"]
[EventCountry "ESP"]
[SourceTitle "CBM 193 Extra"]
[Source "ChessBase"]
[SourceDate "2020.01.31"]
[SourceVersion "1"]
[SourceVersionDate "2020.01.31"]
[SourceQuality "1"]

1. d4 d5 2. Nf3 Nf6 3. e3 Bg4 4. c4 e6 5. Qb3 b6 6. Ne5 Bh5 7. Qa4+ Nbd7 8. cxd5 exd5 9. Bb5 a5 10. 0-0 Bd6 11. Nc3 Bg4 12. Bc6 Rb8 13. Bxd5 Bxe5 14. dxe5 Nxd5 15. Qxg4 Nxc3 16. bxc3 Nxe5 17. Qxg7 Ng6 18. f4 Rf8 19. f5 Ne7 20. e4 Qd6 21. Bf4 Qc6 22. Qxh7 Rc8 23. Bh6 Rg8 24. f6 Rg6 25. fxe7 Rxh6 26. Qxf7+ 1-0

[Event "Maresme op 16th"]
[Site "Maresme"]
[Date "2019.10.19"]
[Round "3"]
[White "Garcia Garcia, Candido"]
[Black "Ferre Navarro, Joan"]
[Result "1-0"]
[WhiteElo "1721"]
[BlackElo "1533"]
[PlyCount "117"]
[EventDate "2019.09.29"]
[EventType "swiss"]
[EventRounds "8"]
[EventCountry "ESP"]
[SourceTitle "CBM 193 Extra"]
[Source "ChessBase"]
[SourceDate "2020.01.31"]
[SourceVersion "1"]
[SourceVersionDate "2020.01.31"]
[SourceQuality "1"]

1. d4 g6 2. Bf4 Bg7 3. e3 d6 4. Be2 Nd7 5. Nf3 c5 6. c3 Ngf6 7. 0-0 a6 8. h3 0-0 9. Nbd2 b5 10. a4 b4 11. Bh2 Bb7 12. Nb3 bxc3 13. bxc3 Ne4 14. Qc2 Rc8 15. Nbd2 Nxd2 16. Qxd2 cxd4 17. cxd4 Nb8 18. Qb4 Qd7 19. Nd2 Rc7 20. Nc4 Qe6 21. Nxd6 exd6 22. Bxd6 Rfc8 23. Bxc7 Rxc7 24. Rac1 Nc6 25. Qd2 Qd6 26. Bf3 h5 27. Bxc6 Rxc6 28. f3 Bh6 29. a5 Rxc1 30. Rxc1 Bc6 31. Qc3 Bb5 32. Kf2 Qe7 33. Re1 Qh4+ 34. Kg1 Qg3 35. Rc1 Be2 36. Qe1 Bxe3+ 37. Kh1 Bf4 38. Qxg3 Bxg3 39. Rc8+ Kg7 40. Kg1 Be1 41. Re8 Bxa5 42. Rxe2 Bb6 43. Rd2 Kf6 44. Kf2 Ke6 45. Ke3 Kd5 46. Ra2 a5 47. Kd3 h4 48. Rb2 Bxd4 49. Rb5+ Bc5 50. Rxa5 g5 51. Ra8 Ke6 52. Ke4 f6 53. Ra6+ Bd6 54. Rb6 f5+ 55. Kd4 f4 56. Ke4 Kd7 57. Kf5 Be7 58. Rg6 Ke8 59. Rxg5 1-0

[Event "Maresme op 16th"]
[Site "Maresme"]
[Date "2019.09.29"]
[Round "1"]
[White "Miralles Brugues, Jordi"]
[Black "Ferre Navarro, Joan"]
[Result "1-0"]
[WhiteElo "1953"]
[BlackElo "1533"]
[PlyCount "81"]
[EventDate "2019.09.29"]
[EventType "swiss"]
[EventRounds "8"]
[EventCountry "ESP"]
[SourceTitle "CBM 193 Extra"]
[Source "ChessBase"]
[SourceDate "2020.01.31"]
[SourceVersion "1"]
[SourceVersionDate "2020.01.31"]
[SourceQuality "1"]

1. d4 g6 2. Bf4 Bg7 3. e3 d6 4. Nf3 a6 5. Be2 Nd7 6. h3 b5 7. 0-0 Bb7 8. a4 b4 9. Nbd2 c5 10. c3 cxd4 11. cxd4 a5 12. Nc4 Ngf6 13. Nfd2 0-0 14. Bh2 Ba6 15. Rc1 Rc8 16. Nb3 Bxc4 17. Bxc4 Nb6 18. Bb5 Rxc1 19. Qxc1 Nbd5 20. Qc6 Qa8 21. Rc1 h5 22. Kf1 Rb8 23. Qxa8 Rxa8 24. Ke2 Ra7 25. Rc8+ Bf8 26. Kd3 Nc7 27. Bc6 Kg7 28. Nxa5 Ncd5 29. Nc4 Rc7 30. Rxc7 Nxc7 31. a5 Na6 32. Bb7 Nc7 33. a6 Nb5 34. Nb6 Na7 35. Nc8 Nxc8 36. Bxc8 Ne8 37. a7 Nc7 38. Bb7 Kf6 39. d5 e5 40. a8Q Nxa8 41. Bxa8 1-0

[Event "Barcelona Sants op 21st"]
[Site "Barcelona"]
[Date "2019.08.28"]
[Round "6"]
[White "Ferre Navarro, Joan"]
[Black "Vadillo, Torre Ismael"]
[Result "1/2-1/2"]
[WhiteElo "1533"]
[BlackElo "1616"]
[PlyCount "90"]
[EventDate "2019.08.23"]
[EventType "swiss"]
[EventRounds "10"]
[EventCountry "ESP"]
[SourceTitle "EXT 2020"]
[Source "ChessBase"]
[SourceDate "2019.10.17"]
[SourceVersion "1"]
[SourceVersionDate "2019.10.17"]
[SourceQuality "1"]

1. d4 Nf6 2. Nf3 d5 3. Bf4 Nc6 4. h3 h6 5. e3 a6 6. c3 Bf5 7. Bd3 Qd7 8. Bxf5 Qxf5 9. Bxc7 Qg6 10. 0-0 Rc8 11. Bh2 Qf5 12. Qb3 Qd7 13. Nbd2 e6 14. Rac1 Bd6 15. Ne5 Qc7 16. f4 0-0 17. Qa4 Ne4 18. Nxe4 dxe4 19. Nxc6 Qxc6 20. Qxc6 Rxc6 21. f5 exf5 22. Bxd6 Rxd6 23. Rxf5 g6 24. Rf4 f5 25. Rcf1 Rdf6 26. g4 Kg7 27. gxf5 gxf5 28. Kh2 b5 29. a3 Kg6 30. h4 Kg7 31. h5 R8f7 32. Rg1+ Kf8 33. Rg2 Ke7 34. Kg1 Kd6 35. Kf1 Kd5 36. Ke1 Kc4 37. Kd2 a5 38. Rg8 Rf8 39. Rg7 R8f7 40. Rg2 Kb3 41. Kc1 Kc4 42. Kc2 a4 43. Rg6 Rf8 44. Rg7 R8f7 45. Rg6 Rf8 1/2-1/2

[Event "Barcelona Sants op 21st"]
[Site "Barcelona"]
[Date "2019.08.27"]
[Round "5"]
[White "Ferre Navarro, Joan"]
[Black "Tortosa Moros, Joan"]
[Result "1-0"]
[WhiteElo "1533"]
[BlackElo "1640"]
[PlyCount "75"]
[EventDate "2019.08.23"]
[EventType "swiss"]
[EventRounds "10"]
[EventCountry "ESP"]
[SourceTitle "EXT 2020"]
[Source "ChessBase"]
[SourceDate "2019.10.17"]
[SourceVersion "1"]
[SourceVersionDate "2019.10.17"]
[SourceQuality "1"]

1. d4 Nf6 2. Bf4 e6 3. Nf3 d5 4. e3 c5 5. Be2 Nc6 6. c3 Be7 7. h3 cxd4 8. exd4 0-0 9. 0-0 Bd6 10. Bxd6 Qxd6 11. Nbd2 e5 12. dxe5 Nxe5 13. Re1 Nxf3+ 14. Nxf3 Qb6 15. Qc2 Ne4 16. Bd3 f5 17. Nd4 Qg6 18. Bxe4 fxe4 19. Re3 a6 20. Rae1 b5 21. a3 Bd7 22. Qb3 Qd6 23. Rxe4 Kh8 24. Re5 Qf6 25. R1e2 Qg6 26. R5e3 Qg5 27. Rg3 Qc1+ 28. Kh2 Rae8 29. Rc2 Qf1 30. Qxd5 Re1 31. Rf3 Qh1+ 32. Kg3 Rxf3+ 33. Nxf3 Re7 34. Qd6 Re8 35. Qxd7 Rg8 36. Re2 Qb1 37. Kh2 Qc1 38. Ne5 1-0

[Event "Barcelona Sant Marti op-B 21st"]
[Site "Barcelona"]
[Date "2019.07.18"]
[Round "6"]
[White "Ferre Navarro, Joan"]
[Black "Corominas Garrido, Jordi"]
[Result "0-1"]
[WhiteElo "1562"]
[BlackElo "1784"]
[PlyCount "123"]
[EventDate "2019.07.13"]
[EventType "swiss"]
[EventRounds "9"]
[EventCountry "ESP"]
[SourceTitle "EXT 2020"]
[Source "ChessBase"]
[SourceDate "2019.10.17"]
[SourceVersion "1"]
[SourceVersionDate "2019.10.17"]
[SourceQuality "1"]

1. d4 e6 2. Nf3 f5 3. e3 Nf6 4. Be2 b6 5. b3 Bb7 6. 0-0 Be7 7. Bb2 0-0 8. c4 d6 9. Nc3 Ne4 10. d5 Nxc3 11. Bxc3 e5 12. Rc1 a5 13. Rc2 Na6 14. Nd2 f4 15. Bf3 Bc8 16. Rb2 Bg5 17. exf4 Bxf4 18. g3 Bh6 19. Ne4 Qe8 20. Bd2 Bxd2 21. Rxd2 Bf5 22. Qe2 Qg6 23. Bh5 Qh6 24. Bf3 Bxe4 25. Bxe4 Nc5 26. Bg2 Rf6 27. Qe3 Qxe3 28. fxe3 Rxf1+ 29. Kxf1 Rf8+ 30. Ke1 Rf6 31. Kd1 Kf7 32. Ke1 Kg6 33. Kd1 e4 34. Rc2 Kf5 35. Bf1 Ke5 36. Ke1 Rf3 37. Rc3 g5 38. Ke2 h5 39. Bg2 Rf6 40. Rc2 Nd3 41. Kd1 Nf2+ 42. Kd2 Ng4 43. Bh3 Rf2+ 44. Kc3 Nxe3 45. Rxf2 Nd1+ 46. Kd2 Nxf2 47. Bg2 Kd4 48. Ke2 Nd3 49. Kd2 Ne5 50. Ke2 Ng4 51. h3 Ne5 52. Kd2 g4 53. Ke2 Nf3 54. h4 Ne5 55. Kd2 e3+ 56. Ke2 Nd3 57. Kd1 Nf2+ 58. Ke2 Ne4 59. Bxe4 Kxe4 60. a3 Kd4 61. b4 axb4 62. axb4 0-1

[Event "Barcelona Sant Marti op-B 21st"]
[Site "Barcelona"]
[Date "2019.07.16"]
[Round "4"]
[White "Ferre Navarro, Joan"]
[Black "Recacha Delgado, Rafael"]
[Result "1/2-1/2"]
[WhiteElo "1562"]
[BlackElo "1080"]
[PlyCount "98"]
[EventDate "2019.07.13"]
[EventType "swiss"]
[EventRounds "9"]
[EventCountry "ESP"]
[SourceTitle "EXT 2020"]
[Source "ChessBase"]
[SourceDate "2019.10.17"]
[SourceVersion "1"]
[SourceVersionDate "2019.10.17"]
[SourceQuality "1"]

1. d4 Nf6 2. Nf3 d6 3. Bf4 Nc6 4. e3 Bf5 5. Bd3 Be4 6. 0-0 Nb4 7. Bxe4 Nxe4 8. a3 Nd5 9. Qd3 Nxf4 10. Qxe4 Ng6 11. c4 c6 12. Nc3 Qc7 13. Rfd1 Qd7 14. b4 f5 15. Qd3 e6 16. d5 Be7 17. dxe6 Qxe6 18. Nd4 Qf6 19. Qxf5 Qxf5 20. Nxf5 Bf6 21. Nxd6+ Ke7 22. Rac1 Rad8 23. Nf5+ Kf7 24. Rxd8 Rxd8 25. Nd4 Bxd4 26. exd4 Rxd4 27. c5 Ne5 28. f3 Nc4 29. a4 Na3 30. Na2 Rd2 31. Nc3 Rc2 32. Rxc2 Nxc2 33. b5 Nd4 34. Kf2 Ke6 35. Ke3 Nb3 36. Ne4 a6 37. bxa6 bxa6 38. Kd3 Kd5 39. Kc3 Na5 40. Kb4 Nc4 41. Nc3+ Kd4 42. Ne4 a5+ 43. Kb3 Ne3 44. Ng5 Nxg2 45. Nxh7 Kxc5 46. Ng5 Nf4 47. Ne4+ Kd5 48. Kc3 Ne2+ 49. Kd3 Nd4 1/2-1/2

[Event "Mem Vinas 15th B"]
[Site "Mataro"]
[Date "2019.05.11"]
[Round "2.4"]
[White "Sentias Vilardell, Josep"]
[Black "Ferre Navarro, Joan"]
[Result "0-1"]
[WhiteElo "1328"]
[BlackElo "1583"]
[PlyCount "66"]
[EventDate "2019.05.04"]
[EventType "swiss"]
[EventRounds "8"]
[EventCountry "ESP"]
[SourceTitle "EXT 2024"]
[Source "ChessBase"]
[SourceDate "2023.10.10"]
[SourceVersion "1"]
[SourceVersionDate "2023.10.10"]
[SourceQuality "1"]

1. e4 g6 2. Nf3 Bg7 3. d4 d6 4. Nc3 a6 5. Bd3 Bg4 6. h3 Bxf3 7. Qxf3 Bxd4 8. Ne2 Bg7 9. 0-0 Nc6 10. c3 Nf6 11. Bf4 0-0 12. Qe3 Nd7 13. Rab1 Nde5 14. b3 Nxd3 15. Qxd3 Ne5 16. Qe3 c5 17. c4 b5 18. Bxe5 Bxe5 19. f4 Bg7 20. Kh1 Qa5 21. f5 Be5 22. Rf3 Qxa2 23. Rbf1 bxc4 24. bxc4 Qxc4 25. fxg6 fxg6 26. Nf4 Bxf4 27. Rxf4 Rxf4 28. Rxf4 Rf8 29. Rxf8+ Kxf8 30. e5 Qd4 31. Qh6+ Kg8 32. exd6 exd6 33. Qg5 Qa1+ 0-1

[Event "Maresme op 15th"]
[Site "Maresme"]
[Date "2018.12.01"]
[Round "9"]
[White "Gonzalez Moreno, Antoni"]
[Black "Ferre Navarro, Joan"]
[Result "1-0"]
[WhiteElo "1706"]
[BlackElo "1607"]
[PlyCount "81"]
[EventDate "2018.09.29"]
[EventType "swiss"]
[EventRounds "9"]
[EventCountry "ESP"]
[SourceTitle "EXT 2024"]
[Source "ChessBase"]
[SourceDate "2023.10.10"]
[SourceVersion "1"]
[SourceVersionDate "2023.10.10"]
[SourceQuality "1"]

1. c4 e5 2. Nc3 Nf6 3. g3 Nc6 4. Bg2 Be7 5. Nf3 b6 6. 0-0 Bb7 7. b3 0-0 8. Nxe5 a5 9. a3 Rb8 10. Nf3 d5 11. cxd5 Nxd5 12. Bb2 Bf6 13. Rc1 Re8 14. e3 Qe7 15. Nxd5 Qd6 16. Nxf6+ gxf6 17. Qc2 Rec8 18. Qc3 Kg7 19. Nh4 Ne7 20. Bxb7 Rxb7 21. Nf3 c6 22. Nd4 Rbc7 23. Rfd1 Qd5 24. Ne2 Qf5 25. e4 Qe6 26. Nf4 Qd6 27. Nh5+ Kg6 28. Qxf6+ Qxf6 29. Nxf6 Rd8 30. Ng4 Rdc8 31. d4 f5 32. Ne5+ Kg5 33. f3 fxe4 34. fxe4 b5 35. Rf1 Kh6 36. Rc5 Kg7 37. Nf7 Kg8 38. Nd6 Rb8 39. d5 Rb6 40. Nf7 Nxd5 41. Nh6# 1-0

[Event "Mataro Vinas Memorial 14th"]
[Site "Mataro"]
[Date "2018.06.09"]
[Round "9"]
[White "Gisbert Mir, Alfonso"]
[Black "Ferre Navarro, Joan"]
[Result "1-0"]
[WhiteElo "1961"]
[BlackElo "1604"]
[PlyCount "67"]
[EventDate "2018.04.07"]
[EventType "swiss"]
[EventRounds "9"]
[EventCountry "ESP"]
[SourceTitle "EXT 2019"]
[Source "ChessBase"]
[SourceDate "2018.10.10"]
[SourceVersion "1"]
[SourceVersionDate "2018.10.10"]
[SourceQuality "1"]

1. e4 g6 2. d4 Bg7 3. c4 c5 4. d5 d6 5. Nc3 e6 6. dxe6 Bxe6 7. Bf4 Be5 8. Bxe5 dxe5 9. Qxd8+ Kxd8 10. 0-0-0+ Nd7 11. Nf3 f6 12. Be2 a6 13. Rd6 Ke7 14. Rhd1 Rd8 15. Na4 Nh6 16. h3 Nf7 17. R6d2 Rhf8 18. b3 Nh6 19. Rd6 Nf7 20. R6d2 Nh6 21. Kb2 Nf7 22. Kc3 a5 23. Kb2 Nh6 24. Ne1 Nf7 25. Nc2 Ng5 26. f3 f5 27. h4 Nf7 28. Ne3 fxe4 29. fxe4 Nh6 30. Bf3 b6 31. Nd5+ Bxd5 32. Rxd5 Nf7 33. Kc3 Ke6 34. Bg4+ 1-0

[Event "Mataro Vinas Memorial 14th"]
[Site "Mataro"]
[Date "2018.05.05"]
[Round "4"]
[White "Castillo Martinez, Aran"]
[Black "Ferre Navarro, Joan"]
[Result "1/2-1/2"]
[WhiteElo "1811"]
[BlackElo "1604"]
[PlyCount "137"]
[EventDate "2018.04.07"]
[EventType "swiss"]
[EventRounds "9"]
[EventCountry "ESP"]
[SourceTitle "EXT 2019"]
[Source "ChessBase"]
[SourceDate "2018.10.10"]
[SourceVersion "1"]
[SourceVersionDate "2018.10.10"]
[SourceQuality "1"]

1. d4 g6 2. Nf3 Bg7 3. g3 d6 4. Bg2 Nf6 5. 0-0 Nbd7 6. Re1 c5 7. e4 cxd4 8. Nxd4 Qb6 9. a4 a6 10. Na3 Ne5 11. h3 0-0 12. b3 Bd7 13. Bb2 Rac8 14. Kh2 Rc7 15. f4 Neg4+ 16. hxg4 Nxg4+ 17. Kg1 e5 18. Nc4 Rxc4 19. bxc4 exd4 20. Qd3 Qxb2 21. Rab1 Qc3 22. Qxc3 dxc3 23. Red1 Bxa4 24. Rxd6 Bxc2 25. Rc1 Ne3 26. e5 Nxc4 27. Rd4 Ne3 28. Bxb7 Rb8 29. Bxa6 Rb1 30. Rxb1 Bxb1 31. Kf2 c2 32. Rd8+ Bf8 33. Rc8 Nd5 34. Ke2 Nb4 35. Bb5 Na2 36. Kd2 c1Q+ 37. Rxc1 Nxc1 38. Kxc1 Bf5 39. Kd2 Bc5 40. Ke2 h5 41. Kf3 Kg7 42. Bc4 f6 43. exf6+ Kxf6 44. Bb3 g5 45. fxg5+ Kxg5 46. Bd5 Bd6 47. Kg2 Bc8 48. Bc6 Kf5 49. Bf3 Kg5 50. Bc6 Bg4 51. Bd5 Kf5 52. Bc6 Ke5 53. Bb7 Kd4 54. Bc6 Ke3 55. Bb7 Bf5 56. Bc6 Be4+ 57. Bxe4 Kxe4 58. Kh3 Be7 59. Kg2 Kf5 60. Kh3 Kg5 61. Kg2 Kg4 62. Kh2 Bd6 63. Kg2 Bxg3 64. Kg1 Kf3 65. Kh1 Bf2 66. Kh2 Ke2 67. Kg2 h4 68. Kh2 Kf1 69. Kh1 1/2-1/2

[Event "Premia de Mar 4th"]
[Site "Premia de Mar"]
[Date "2017.10.20"]
[Round "3.4"]
[White "Garcia Argemi, Josep"]
[Black "Ferre Navarro, Joan"]
[Result "1/2-1/2"]
[WhiteElo "1614"]
[BlackElo "1581"]
[PlyCount "41"]
[EventDate "2017.10.06"]
[EventType "tourn"]
[EventRounds "9"]
[EventCountry "ESP"]
[SourceTitle "EXT 2024"]
[Source "ChessBase"]
[SourceDate "2023.10.10"]
[SourceVersion "1"]
[SourceVersionDate "2023.10.10"]
[SourceQuality "1"]

1. Nf3 d5 2. d4 g6 3. g3 Bg7 4. Bg2 Nf6 5. 0-0 0-0 6. Bg5 Nbd7 7. Nbd2 c5 8. c3 b6 9. Qc2 Ba6 10. Rfe1 Rc8 11. Qa4 Nb8 12. Bf4 Qd7 13. Qa3 Qb7 14. Rab1 Nbd7 15. Ne5 e6 16. e4 Nxe5 17. Bxe5 Bd3 18. Rbd1 Nxe4 19. Bxg7 Kxg7 20. Nxe4 Bxe4 21. f3 1/2-1/2

[Event "Barcelona Sant Marti op-B 19th"]
[Site "Barcelona"]
[Date "2017.07.18"]
[Round "6"]
[White "Pifarre Gene, Joan Baptista"]
[Black "Ferre Navarro, Joan"]
[Result "0-1"]
[WhiteElo "1422"]
[BlackElo "1587"]
[PlyCount "88"]
[EventDate "2017.07.13"]
[EventType "swiss"]
[EventRounds "9"]
[EventCountry "ESP"]
[SourceTitle "EXT 2018"]
[Source "ChessBase"]
[SourceDate "2017.10.13"]
[SourceVersion "1"]
[SourceVersionDate "2017.10.13"]
[SourceQuality "1"]

1. e4 e5 2. Nf3 Nc6 3. Bc4 Bc5 4. c3 Nf6 5. d3 0-0 6. 0-0 d6 7. Bb3 Bg4 8. h3 Bh5 9. Nbd2 b5 10. Re1 b4 11. Nf1 bxc3 12. bxc3 h6 13. g4 Bg6 14. Ng3 Nh7 15. h4 Nf6 16. h5 Bh7 17. Nh4 Nxe4 18. Nxe4 Bxe4 19. Ng6 Bxg6 20. hxg6 Na5 21. Bxf7+ Kh8 22. Qf3 Rb8 23. g5 Qd7 24. gxh6 Rxf7 25. gxf7 Rf8 26. hxg7+ Kxg7 27. Re4 Rxf7 28. Rg4+ Kf8 29. Bh6+ Ke7 30. Rg7 Rxg7+ 31. Bxg7 Qe6 32. Qg3 Qf5 33. Bh6 Kd7 34. Rd1 Kc6 35. Kg2 Kb6 36. Qf3 Qg6+ 37. Kf1 Qxh6 38. Rb1+ Ka6 39. d4 Bb6 40. Qd3+ Kb7 41. Qe4+ Kb8 42. Ke2 Qh5+ 43. Kd3 Qh3+ 44. Ke2 Qxc3 0-1

[Event "Barcelona Sant Marti op-B 18th"]
[Site "Barcelona"]
[Date "2016.07.16"]
[Round "4.42"]
[White "Franzoni Ladron, Enric"]
[Black "Ferre Navarro, Joan"]
[Result "1-0"]
[WhiteElo "1811"]
[BlackElo "1591"]
[PlyCount "107"]
[EventDate "2016.07.13"]
[EventType "swiss"]
[EventRounds "9"]
[EventCountry "ESP"]
[SourceTitle "EXT 2024"]
[Source "ChessBase"]
[SourceDate "2023.10.10"]
[SourceVersion "1"]
[SourceVersionDate "2023.10.10"]
[SourceQuality "1"]

1. e4 e5 2. Nf3 Nc6 3. Bc4 Bc5 4. b4 Bxb4 5. c3 Be7 6. d4 exd4 7. cxd4 d6 8. 0-0 Nf6 9. Nc3 0-0 10. Ba3 Bg4 11. Be2 a6 12. h3 Bd7 13. Rb1 b5 14. Qd3 Rb8 15. d5 Na5 16. Qd4 c5 17. dxc6 Nxc6 18. Qe3 b4 19. Bb2 bxc3 20. Bxc3 Rxb1 21. Rxb1 a5 22. Nd2 Be6 23. Nc4 Bxc4 24. Bxc4 Qc7 25. Bb5 Rc8 26. Rc1 Nb4 27. Bd2 Qb7 28. Bc4 d5 29. exd5 Nfxd5 30. Qb3 Rxc4 31. Rxc4 h6 32. a3 a4 33. Qxa4 Nb6 34. Qe8+ Kh7 35. Bxb4 Nxc4 36. Qxe7 Qd5 37. Qe2 Ne5 38. Qc2+ Qd3 39. Qxd3+ Nxd3 40. Kf1 g6 41. Ke2 Ne5 42. f4 Nc6 43. Kd3 Kg7 44. Kc4 Kf6 45. Kd5 Nb8 46. Bd6 Na6 47. g4 h5 48. Kc6 Ke6 49. Kb6 Kxd6 50. Kxa6 Kc6 51. f5 hxg4 52. hxg4 gxf5 53. gxf5 f6 54. a4 1-0